[Event "Harrachov op-B"]
[Site "Harrachov"]
[Date "2009.10.30"]
[Round "8"]
[White "Sembera, Milan"]
[Black "Baboucek, Vavrinec"]
[Result "1/2-1/2"]
[WhiteElo "1670"]
[BlackElo "1484"]
[PlyCount "77"]
[EventDate "2009.10.24"]
[EventType "swiss"]
[EventRounds "9"]
[EventCountry "CZE"]
[SourceTitle "EXT 2012"]
[Source "ChessBase"]
[SourceDate "2011.11.24"]
[SourceVersion "1"]
[SourceVersionDate "2011.11.24"]
[SourceQuality "1"]

1. d4 d5 2. Nf3 Nf6 3. Bf4 Nc6 4. e3 Bg4 5. Nbd2 e6 6. c3 Be7 7. Qb3 Rb8 8. Bb5 0-0 9. Bxc6 bxc6 10. Qc2 c5 11. Ne5 Rb6 12. Nxg4 Nxg4 13. Nf3 Nf6 14. h3 Ne4 15. 0-0 h6 16. Ne5 cxd4 17. exd4 Bd6 18. c4 c5 19. cxd5 exd5 20. f3 Nf6 21. dxc5 Bxe5 22. Bxe5 Rc6 23. Rfd1 Qd7 24. Bxf6 Rxf6 25. Rd4 Rd8 26. b4 Rg6 27. Kh1 Qe6 28. Qd2 Qe5 29. Qf2 Re6 30. Rad1 Rg6 31. f4 Qb8 32. a4 Rf6 33. b5 g5 34. g3 Qc8 35. c6 Qxh3+ 36. Qh2 Qe6 37. fxg5 hxg5 38. Qd2 Qh3+ 39. Qh2 1/2-1/2

[Event "Harrachov op-B"]
[Site "Harrachov"]
[Date "2009.10.27"]
[Round "4"]
[White "Kaluzny, Michal"]
[Black "Baboucek, Vavrinec"]
[Result "1-0"]
[WhiteElo "1592"]
[BlackElo "1484"]
[PlyCount "49"]
[EventDate "2009.10.24"]
[EventType "swiss"]
[EventRounds "9"]
[EventCountry "CZE"]
[SourceTitle "EXT 2012"]
[Source "ChessBase"]
[SourceDate "2011.11.24"]
[SourceVersion "1"]
[SourceVersionDate "2011.11.24"]
[SourceQuality "1"]

1. e4 e5 2. Nf3 Nc6 3. Bc4 Bc5 4. b4 Bxb4 5. c3 Bc5 6. d4 exd4 7. 0-0 Nf6 8. e5 Ng4 9. cxd4 Be7 10. h3 Nh6 11. Nc3 d6 12. exd6 Qxd6 13. Nb5 Qd7 14. Bf4 Bd6 15. Re1+ Ne7 16. Ne5 Qd8 17. Bxh6 Bxe5 18. Rxe5 gxh6 19. Qh5 Rf8 20. Rae1 c6 21. Rxe7+ Qxe7 22. Nc7+ Kd8 23. Rxe7 Kxe7 24. Qe5+ Kd7 25. Nxa8 1-0

[Event "CZE-ch U14"]
[Site "Sec u Chrudimi"]
[Date "2008.10.25"]
[Round "1"]
[White "Balacek, Tadeas"]
[Black "Baboucek, Vavrinec"]
[Result "1-0"]
[WhiteElo "2010"]
[BlackElo "1410"]
[PlyCount "43"]
[EventDate "2008.10.25"]
[EventType "swiss"]
[EventRounds "9"]
[EventCountry "CZE"]
[SourceTitle "EXT 2022"]
[Source "ChessBase"]
[SourceDate "2021.10.06"]
[SourceVersion "1"]
[SourceVersionDate "2021.10.06"]
[SourceQuality "1"]

1. d4 d5 2. Nf3 Nc6 3. c4 e6 4. Nc3 Nf6 5. Bg5 Be7 6. e3 0-0 7. Bd3 Nb4 8. Be2 b6 9. a3 Na6 10. Qa4 c5 11. cxd5 Nc7 12. dxe6 Nxe6 13. Bh4 Bb7 14. 0-0 Ne4 15. Bxe7 Qxe7 16. Qc2 N6g5 17. d5 Nxf3+ 18. Bxf3 Ng5 19. Be2 Qe5 20. h4 Bxd5 21. hxg5 Qxg5 22. Nxd5 1-0